العقد الفريد / (Record no. 59663)
[ view plain ]
| 000 -الفاتح | |
|---|---|
| حقل البيانات ثابتة الطول | 00775nam a2200229Ia 4500 |
| 005 - وقت وتاريخ اخر تعامل مع التسجيلة | |
| رقم الضبط | 20240530110316.0 |
| 008 - عناصر البيانات ثابتة الطول - معلومات عامة | |
| حقل البيانات ثابتة الطول | 140319s1987 le 000 0 ara d |
| 040 ## - مصدر الفهرسة | |
| وكالة الفهرسة الأصلية | GCL / |
| وكالة النسخ | GCL |
| 082 04 - رقم تصنيف ديوى العشرى | |
| رقم التصنيف | 810.9/ |
| رقم المادة | ا ع |
| 100 1# - المدخل الرئيسى - إسم شخصى | |
| الإسم الشخصى | الاندلسى، ابوعمر احمد بن محمد |
| 245 10 - بيان العنوان | |
| العنوان | العقد الفريد / |
| بيان المسئوليه,etc | الاندلسى، ابوعمر احمد بن محمد |
| 260 ## - PUBLICATION, DISTRIBUTION, ETC. (IMPRINT) | |
| تاريخ النشر أو التوزيع | 1987. |
| 300 ## - الوصف المادى | |
| التعداد | 8 اجزاء ؛ |
| أبعاد الوعاء | 24 سم. |
| 650 04 - المدخل الاضافى بالموضوع-مصطلح موضوعى | |
| مصطلح موضوعي | الشعر العربى |
| 650 04 - المدخل الاضافى بالموضوع-مصطلح موضوعى | |
| مصطلح موضوعي | الادب العربى |
| 650 04 - المدخل الاضافى بالموضوع-مصطلح موضوعى | |
| مصطلح موضوعي | التاريخ الاسلامى |
| 650 04 - المدخل الاضافى بالموضوع-مصطلح موضوعى | |
| مصطلح موضوعي | اعلام العرب |
| 650 04 - المدخل الاضافى بالموضوع-مصطلح موضوعى | |
| مصطلح موضوعي | الخطب |
| 650 04 - المدخل الاضافى بالموضوع-مصطلح موضوعى | |
| مصطلح موضوعي | الادب العربى - تاريخ ونقد |
| 942 ## - عناصر المدخل الإضافي( كوها) | |
| مصدر التصنيف او مخطط الترفيف | Dewey Decimal Classification |
| Koha [default] item type | المراجع |
| 260 ## - PUBLICATION, DISTRIBUTION, ETC. (IMPRINT) | |
| -- | بيروت : |
| -- | دار الكتب العلمية، |
| حالة التراجع | حالة الفقد | حالة تلف | ليس للاعارة | المكان المؤقت | الموقع الحالى | تاريخ الاكتساب | اجمالي اﻻعارات | رقم الطلب | الباركود | تاريخ اخر مشاهدة | تاريخ تفعيل السعر | نوع وعاء كوها | مصدر التصنيف او خطة الترفيف | موقع الترفيف |
|---|---|---|---|---|---|---|---|---|---|---|---|---|---|---|
| مكتبة القاهرة الكبرى | مكتبة القاهرة الكبرى | 03/26/2014 | 810.9/أ ع | 157793 | 03/26/2014 | 03/26/2014 | المراجع | |||||||
| مكتبة القاهرة الكبرى | مكتبة القاهرة الكبرى | 03/26/2014 | 810.9/أ ع | 157794 | 03/26/2014 | 03/26/2014 | المراجع | |||||||
| مكتبة القاهرة الكبرى | مكتبة القاهرة الكبرى | 03/26/2014 | 810.9/أ ع | 157795 | 03/26/2014 | 03/26/2014 | المراجع | |||||||
| مكتبة القاهرة الكبرى | مكتبة القاهرة الكبرى | 03/26/2014 | 810.9/أ ع | 157796 | 03/26/2014 | 03/26/2014 | المراجع | |||||||
| مكتبة القاهرة الكبرى | مكتبة القاهرة الكبرى | 03/26/2014 | 810.9/أ ع | 157797 | 03/26/2014 | 03/26/2014 | المراجع | |||||||
| مكتبة القاهرة الكبرى | مكتبة القاهرة الكبرى | 03/26/2014 | 810.9/أ ع | 157798 | 03/26/2014 | 03/26/2014 | المراجع | |||||||
| مكتبة القاهرة الكبرى | مكتبة القاهرة الكبرى | 03/26/2014 | 810.9/أ ع | 157799 | 03/26/2014 | 03/26/2014 | المراجع | |||||||
| مكتبة القاهرة الكبرى | مكتبة القاهرة الكبرى | 03/26/2014 | 810.9/أ ع | 157800 | 03/26/2014 | 03/26/2014 | المراجع | |||||||
| مكتبة القاهرة الكبرى | مكتبة القاهرة الكبرى | 03/26/2014 | 810.9/أ ع | 157801 | 03/26/2014 | 03/26/2014 | المراجع | |||||||
| مكتبة القاهرة الكبرى | مكتبة القاهرة الكبرى | 01/26/2022 | 810.9/أ ع | 167313 | 01/26/2022 | 01/26/2022 | المراجع | ddc | ق الرئيسية_الأداب_ك عربى |

